00263nam a22001097a 4500040000700000082000800007100000800015245009200023260001600115942000700131999001500138 cSK a628 aNA  aAnimal waste management;គ្រប់គ្រងកាកសំណល់សត្វ aRUAbNAcNA cEK c8931d8931